00267nam a2200109Ia 4500008004100000100001800041245004400059260001800103650001200121942000700133999001700140190216s9999||||xx |||||||||||||| ||und|| aViswanathan R 0aElectronics For Scientist And Engineers bPrentice Hall aPhysics cBK c33081d33081